Memorias del IV simposio panamericano de historia (Record no. 163365)

MARC details
000 -CABECERA
campo de control de longitud fija 00593nam a2200169 a 4500
005 - FECHA Y HORA DE LA ÚLTIMA TRANSACCIÓN
campo de control 20210219161749.0
008 - ELEMENTOS DE LONGITUD FIJA--INFORMACIÓN GENERAL
campo de control de longitud fija 130522s2001 mx r 000 0 spa d
020 ## - NÚMERO INTERNACIONAL NORMALIZADO PARA LIBROS
Número Internacional Estándar del Libro 968638457X
035 ## - NÚMERO DE CONTROL DEL SISTEMA
Número de control de sistema UPN01000191262
049 ## - COLECCIÓN
Colección UNE
080 #4 - NÚMERO DE CLASIFICACIÓN DECIMAL UNIVERSAL
Número de la Clasificación Decimal Universal 93 (06) (7/8) "1999" MEM No. 4
111 2# - ASIENTO PRINCIPAL--NOMBRE DE REUNION
Nombre de congreso/reunión o jurisdicción como elemento de entrada Simposio panamericano de historia
Número del congreso/reunión o número de parte o sección (IV :
Fecha del congreso/reunión 1999 :
Sede del congreso/Lugar de la reunión San Jóse, Costa Rica)
245 00 - MENCIÓN DE TÍTULO
Título Memorias del IV simposio panamericano de historia
260 ## - PUBLICACIÓN, DISTRIBUCIÓN, ETC.
Lugar de publicación, distribución, etc. México :
Nombre del editor, distribuidor, etc. Instituto panamericano de geografia e historia,
Fecha de publicación, distribución, etc. 2001.
300 ## - DESCRIPCIÓN FÍSICA
Extensión 621 p.
440 #0 - MENCIÓN DE SERIE/ASIENTO SECUNDARIO--TÍTULO
Título Instituto panamericano de geografia e historia
Designación de volumen o secuencia 526.
Holdings
Estado de retiro Estado de pérdida Fuente del sistema de clasificación o colocación Estado dañado No para préstamo Código de colección Localización permanente Ubicación/localización actual Ubicación en estantería Fecha de adquisición Clasificación Código de barras Fecha visto por última vez Número de copia Tipo de ítem Koha
    Library of Congress Classification   Disponible (Préstamo en sala) UNESCO Bib. Gregorio Torres Quintero Bib. Gregorio Torres Quintero Colecciones especiales Planta alta 03/02/2023 93 (06) (7/8) "1999" MEM No. 4 U10000 31/12/2020 1 Libro